Asia quiz - Statistics

General Stats
  • This quiz has been taken 24 times
  • The average score is 5 of 8
Answers on the Grid
Answers color-coded by a green-red scale on the quiz's grid according to % correct below.
India
China
Taiwan
Brunei
Nepal
Bhutan
Sri lanka
Philippines
Malaysia
Singapore
Laos
Bangladesh
Afghanistan
Kazakhstan
Qatar
Jordan
Oman
Turkmenistan
Indonesia
Iraq
Saudi arabia
Vietnam
Tajikistan
Iran
Cambodia
Kuwait
Pakistan
Thailand
Maldives
Japan
 
Answer Stats
Answer % Correct
India
100%
China
82%
Indonesia
65%
Bangladesh
59%
Japan
59%
Pakistan
53%
Philippines
53%
Vietnam
35%
No matching quizzes found
Score Distribution
Percent of People with Each Score
Percentile by Number Answered
Your Score History
You have not taken this quiz